Sabrina Carpenter - Paroles Feather - Statistiques

Statistiques générales
  • Ce quiz a été pris 84 fois
    61 depuis la dernière actualisation
  • Le résultat moyen est 328 sur 398
Statistiques - réponses
Hint Réponse % Correct
a
100%
(a
100%
ahh
100%
Post-refrain Ahh,
100%
I
100%
(I
100%
feather
97%
feather,
97%
feather)
97%
feel
97%
hmm
97%
like
97%
Post-refrain Like
97%
(Like
97%
mmh
97%
Couplet 1 Oh,
97%
so
97%
you
97%
You
97%
much
92%
my
92%
your
92%
Your
92%
mind,
89%
mind)
89%
for
87%
I'm
87%
(I'm
87%
no,
87%
no
87%
No,
87%
(no
87%
of
87%
the
87%
with
87%
With
87%
bitch
84%
bitch)
84%
act
82%
(Do
82%
do,
82%
do
82%
do)
82%
ignore
82%
ignore)
82%
Couplet 2 It
82%
it
82%
lighter
82%
More
82%
more
82%
off
82%
sorry
82%
an
79%
out
79%
slam
79%
(slam
79%
to
79%
are
76%
door,
76%
door
76%
door),
76%
every
76%
hit
76%
(hit
76%
send
76%
signals
76%
that,
76%
time,
76%
true
76%
When
76%
when
76%
come
74%
dream
74%
it's
74%
life
74%
make
74%
never
74%
pic
74%
stereotype,
74%
talk,
74%
Then
74%
And
71%
fit
71%
good
71%
in
71%
loss
71%
me?
71%
waste
71%
advance,
68%
back,
68%
feels
68%
memories
68%
mixed,
68%
saying,
68%
try
68%
where
68%
Where
68%
You're
68%
excited
66%
miss
66%
not
66%
blocked
63%
blocked,
63%
cut
63%
got
63%
plans
63%
two
63%
whatever
63%
at,
61%
at
61%
than
61%
tonight
61%
yeah
61%
yeah)
61%
done
58%
done)
58%
hours
58%
on
58%
pretending
58%
pull
58%
After
55%
carin'
55%
platter
55%
want
55%
duh
53%
duh)
53%
finally
53%
this,
53%
through
50%
Floatin'
45%
up
42%
up)
42%
afterthought
39%
wine
39%
another
37%
take
37%
Aucun quiz correspondant
Distribution des résultats
% des personnes avec chaque résultat
Percentile par nombre de réponses
Votre historique - résultats
Vous n’avez pas pris ce quiz depuis la dernière actualisation